000
00311nam a22001337a 4500
020
_a
0-439-32161-1
082
_a
001
_b
KEN/Q
100
_a
WHISP, KENNILWORTHY
245
_a
QUIDDITCH THROUGH THE AGES
260
_a
NEW YORK
_b
SCHOLASTIC
_c
2001
300
_a
56
650
_a
GENERAL KNOWLEDGE
_z
INDIA
942
_c
BK
999
_c
6649
_d
6649